| 000 | 00398cam a2200157ua 4500 | ||
|---|---|---|---|
| 041 |
_aeng _h |
||
| 082 |
_a823.308 _bSWI/TA |
||
| 100 | _aSwift, Jonathan . | ||
| 245 |
_aTales from Gulliver`s travels / _cJonathan Swift. _hTextual Documents |
||
| 250 |
_a1 / _b. |
||
| 260 |
_aLondon : _bOxford University Press , _c1965. |
||
| 300 | _a57 ; . | ||
| 504 | _a | ||
| 942 | _cBK | ||
| 999 |
_c7617 _d7617 |
||